000 00287nam a2200121Ia 4500
008 190216s9999||||xx |||||||||||||| ||und||
100 _aYakoob C
245 0 _aOperations Research
260 _bCalicut University Central Co-Operative
300 _a156
650 _aCommerce
942 _cBK
999 _c6852
_d6852